00241nam a2200097Ia 4500008004100000082001400041100001900055245003700074260001900111600001300130241002s9999 xx 000 0 und d a297.5 MOD aMododi Abu Ala 0aIslami Ebadad Par Thehqiqi Nazar aKarachi:c1967 aReligion